|
|
|
|
| LEADER |
00000nam a2200000 i 4500 |
| 001 |
ELB172849 |
| 003 |
FINmELB |
| 005 |
20210416125959.0 |
| 006 |
m o u |
| 007 |
cr cn||||||||| |
| 008 |
210331s2015 sp a o 000 0 eng d |
| 020 |
|
|
|a 9788417313487
|q (e-book)
|
| 035 |
|
|
|a (OCoLC)1246314819
|
| 040 |
|
|
|a FINmELB
|b spa
|e rda
|c FINmELB
|
| 043 |
|
|
|a e-sp---
|
| 050 |
1 |
4 |
|a HT169.S652
|b P225 2015
|
| 080 |
|
|
|a 711(460.23)
|
| 082 |
0 |
4 |
|a 307.1216094623
|2 23
|
| 100 |
1 |
|
|a Parcerisa, Josep.
|
| 245 |
1 |
0 |
|a 20 th. Century Barcelona urbanism /
|c Josep Parcerisa.
|
| 264 |
|
1 |
|a Barcelona :
|b Marge Books,
|c 2015.
|
| 300 |
|
|
|a 1 recurso en línea (280 páginas) :
|b ilustraciones
|
| 336 |
|
|
|a texto
|b txt
|2 rdamedia/spa
|
| 337 |
|
|
|a computadora
|b c
|2 rdamedia/spa
|
| 338 |
|
|
|a recurso en línea
|b cr
|2 rdacarrier/spa
|
| 588 |
|
|
|a Descripción basada en metadatos suministrados por el editor y otras fuentes.
|
| 590 |
|
|
|a Recurso electrónico. Santa Fe, Arg.: elibro, 2021. Disponible vía World Wide Web. El acceso puede estar limitado para las bibliotecas afiliadas a elibro.
|
| 650 |
|
0 |
|a City planning
|z Spain
|z Catalonia.
|
| 650 |
|
4 |
|a Urbanismo
|z España
|z Cataluña.
|
| 651 |
|
0 |
|a Barcelona (Spain)
|x Description.
|
| 655 |
|
4 |
|a Libros electrónicos.
|
| 797 |
2 |
|
|a elibro, Corp.
|
| 856 |
4 |
0 |
|u https://elibro.uam.elogim.com/ereader/bidiuam/172849
|z Texto completo
|
| 950 |
|
|
|a eLibro Arquitectura, Urbanismo y Diseño
|
| 950 |
|
|
|a eLibro Cátedra España
|
| 950 |
|
|
|a eLibro Cátedra
|